[Event "Sparkassen-Open A"]
[Site "Heusenstamm, Martinsee"]
[Date "2019.11.24"]
[Round "6.45"]
[White "Wuerl, Roland"]
[Black "Iliev, Mustafa Batuhan"]
[Result "1/2-1/2"]
[WhiteElo "1876"]
[BlackElo "2017"]
[PlyCount "49"]
[EventDate "2019.??.??"]
[WhiteTeam "SK Dieburg"]
[BlackTeam "SV Großauheim"]

1. d4 f5 2. Bg5 g6 3. Nc3 Bg7 4. e4 fxe4 5. Nxe4 d5 6. Nc5 b6 7. Nb3 Nh6 8. Nf3
Nf7 9. Bf4 O-O 10. Be2 c5 11. c3 c4 12. Nbd2 Bb7 13. O-O Nc6 14. Re1 Qd7 15.
Bg3 b5 16. a3 Rad8 17. Bf1 Rfe8 18. Qc2 Bc8 19. a4 a6 20. axb5 axb5 21. Rad1 e5
22. dxe5 Nfxe5 23. Nxe5 Bxe5 24. Nf3 Bxg3 25. hxg3 1/2-1/2

[Event "Sparkassen-Open A"]
[Site "Heusenstamm, Martinsee"]
[Date "2019.11.24"]
[Round "6.46"]
[White "Waffenschmidt, Joachim"]
[Black "Werner, Dimo"]
[Result "1/2-1/2"]
[WhiteElo "2042"]
[BlackElo "1989"]
[PlyCount "45"]
[EventDate "2019.??.??"]
[WhiteTeam "SV Hofheim"]
[BlackTeam "TSV Schott Mainz"]

1. d4 d5 2. c4 e6 3. Nf3 Nf6 4. Nc3 c6 5. e3 Nbd7 6. Qc2 Bd6 7. Bd3 O-O 8. O-O
dxc4 9. Bxc4 e5 10. Rd1 Qe7 11. h3 exd4 12. exd4 Nb6 13. Bd3 h6 14. Re1 Qc7 15.
Ne5 Be6 16. a3 Rfe8 17. Bd2 Rad8 18. Rac1 a6 19. Nf3 Bf4 20. Ne4 Nxe4 21. Bxf4
Qxf4 22. Rxe4 Qb8 23. Qc5 1/2-1/2

[Event "Sparkassen-Open A"]
[Site "Heusenstamm, Martinsee"]
[Date "2019.11.24"]
[Round "6.47"]
[White "Foermes, Alexander"]
[Black "Hagner, Bennet"]
[Result "1/2-1/2"]
[WhiteElo "2074"]
[BlackElo "1890"]
[PlyCount "36"]
[EventDate "2019.??.??"]
[WhiteTeam "SK Marburg"]
[BlackTeam "Frankfurter TV"]

1. d4 d5 2. Bf4 Nf6 3. e3 e6 4. Nf3 Bd6 5. Bg3 c5 6. c3 Qc7 7. Nbd2 Nbd7 8. Bd3
O-O 9. O-O Bxg3 10. hxg3 e5 11. dxe5 Nxe5 12. Nxe5 Qxe5 13. Nf3 Qh5 14. Be2 Ng4
15. c4 Rd8 16. cxd5 Rd6 17. Nh4 Rh6 18. f4 g5 1/2-1/2

[Event "Sparkassen-Open A"]
[Site "Heusenstamm, Martinsee"]
[Date "2019.11.24"]
[Round "6.48"]
[White "Altenbernd, Jannis-Domenik"]
[Black "Ramien, David"]
[Result "1/2-1/2"]
[WhiteElo "2022"]
[BlackElo "2228"]
[PlyCount "101"]
[EventDate "2019.??.??"]
[WhiteTeam "SG Bünde"]
[BlackTeam "SG Porz"]

1. d4 g6 2. c4 Bg7 3. Nf3 d6 4. Nc3 Nd7 5. e4 e5 6. Be3 Ngf6 7. Be2 O-O 8. O-O
Ng4 9. Bg5 f6 10. Bd2 c6 11. Qc1 f5 12. dxe5 Ndxe5 13. Bg5 Qc7 14. Nxe5 Nxe5
15. Qd2 Be6 16. b3 Nf7 17. Bf4 fxe4 18. Rad1 Bf5 19. g4 g5 20. Bg3 Bg6 21. c5
Qa5 22. Nxe4 Qxd2 23. Nxd2 dxc5 24. Nf3 b5 25. Rc1 Rfe8 26. Rfe1 Bb2 27. Rxc5
Ba3 28. Rxc6 Bb4 29. Kf1 Bxe1 30. Nxe1 a6 31. Bf3 Rac8 32. h3 Kg7 33. Bd5 Rxc6
34. Bxc6 Rc8 35. Bb7 Rc1 36. f3 Bb1 37. Bxa6 b4 38. Bc4 Bxa2 39. Bf2 Rb1 40.
Bd4+ Kg8 41. Ke2 Bxb3 42. Bd3 Rc1 43. Be3 Ra1 44. Bd4 Ra2+ 45. Ke3 Bd1 46. Bc4
b3 47. Bc3 Ra4 48. Bd5 Ra7 49. Bf6 Rd7 50. Bc4 Kf8 51. Nd3 1/2-1/2

[Event "Sparkassen-Open A"]
[Site "Heusenstamm, Martinsee"]
[Date "2019.11.24"]
[Round "6.49"]
[White "Woestmann, Ulrich"]
[Black "Boos, Markus"]
[Result "0-1"]
[WhiteElo "2014"]
[BlackElo "2165"]
[PlyCount "102"]
[EventDate "2019.??.??"]
[WhiteTeam "SV Ahlen"]
[BlackTeam "Elberfelder SG"]

1. e4 c5 2. Nc3 Nc6 3. g3 g6 4. Bg2 Bg7 5. d3 d6 6. f4 Nf6 7. Nf3 Rb8 8. O-O
O-O 9. a4 a6 10. Ne2 b5 11. axb5 axb5 12. h3 b4 13. g4 Qb6 14. Kh1 c4 15. Ng3
cxd3 16. cxd3 Ba6 17. Re1 Bb5 18. Be3 Qc7 19. Qd2 Rfc8 20. d4 Bc4 21. Qd1 b3
22. d5 Nb4 23. Ra7 Rb7 24. Rxb7 Qxb7 25. Nd4 Nd3 26. Re2 Nd7 27. Nc6 Rxc6 28.
dxc6 Qxc6 29. e5 Qa6 30. Rd2 dxe5 31. Bf1 Qc6+ 32. Bg2 Qb5 33. Be4 N7c5 34.
Bxc5 Nxc5 35. Rd8+ Bf8 36. Bg2 Nd3 37. Qd2 Nxf4 38. Ne4 Bf1 39. Bf3 Bxh3 40.
Ng3 Bf1 41. Qh2 Ne6 42. Ra8 Kg7 43. Qg1 Bd3 44. Nf5+ Bxf5 45. gxf5 Nd4 46. Bg2
Qe2 47. fxg6 hxg6 48. Qa1 e6 49. Qa5 Nf3 50. Bxf3 Qxf3+ 51. Kg1 Bc5+ 0-1

[Event "Sparkassen-Open A"]
[Site "Heusenstamm, Martinsee"]
[Date "2019.11.24"]
[Round "6.50"]
[White "Weber, Jannis"]
[Black "Jansen, Dirk Norbert"]
[Result "0-1"]
[WhiteElo "1942"]
[BlackElo "2150"]
[PlyCount "98"]
[EventDate "2019.??.??"]
[WhiteTeam "SV Hennef"]
[BlackTeam "SVG Plettenberg"]

1. e4 e6 2. d4 d5 3. exd5 exd5 4. Nf3 Nf6 5. Bd3 c5 6. O-O c4 7. Re1+ Be7 8.
Bf1 O-O 9. b3 cxb3 10. axb3 Nc6 11. Bb2 Bg4 12. Nbd2 a6 13. h3 Bh5 14. g4 Bg6
15. Ne5 Rc8 16. Rc1 Re8 17. Bg2 Nb4 18. c3 Nd3 19. Nxd3 Bxd3 20. Re3 Bg6 21.
Qe2 Bd6 22. Rxe8+ Qxe8 23. Re1 Qd7 24. Nf3 Ne4 25. Qe3 f6 26. Nd2 Re8 27. Nxe4
Bxe4 28. c4 Kf8 29. Qd2 Bxg2 30. Kxg2 Rxe1 31. Qxe1 dxc4 32. bxc4 Qc6+ 33. d5
Qxc4 34. Qe6 Qc7 35. g5 fxg5 36. Qf5+ Kg8 37. Qe6+ Kf8 38. Qf5+ Ke8 39. Qe6+
Qe7 40. Qc8+ Kf7 41. Qf5+ Kg8 42. Qc8+ Qf8 43. Qxb7 Bc5 44. f3 h5 45. Be5 Qe7
46. Qc8+ Kh7 47. f4 Bd6 48. Qf5+ g6 49. Bxd6 Qe2+ 0-1

[Event "Sparkassen-Open A"]
[Site "Heusenstamm, Martinsee"]
[Date "2019.11.24"]
[Round "6.51"]
[White "Gramb, Marius"]
[Black "Foerster-Yialamas, Lucas"]
[Result "1-0"]
[WhiteElo "2120"]
[BlackElo "1953"]
[PlyCount "75"]
[EventDate "2019.??.??"]
[WhiteTeam "Brühler SK"]
[BlackTeam "Frankfurter TV"]

1. e4 c5 2. c3 Nf6 3. e5 Nd5 4. Nf3 Nc6 5. d4 cxd4 6. cxd4 d6 7. Bc4 dxe5 8.
Bxd5 Qxd5 9. Nc3 Qd6 10. d5 Nb4 11. a3 Qa6 12. Nxe5 Bf5 13. axb4 Qxa1 14. g4
Bg6 15. O-O Qa6 16. Re1 f6 17. b5 Qd6 18. Nc4 Qc5 19. b3 Kf7 20. Ba3 Qc8 21. d6
e6 22. f4 h5 23. f5 Bxf5 24. gxf5 exf5 25. Qd5+ Kg6 26. Re2 Kh6 27. Re6 g6 28.
Bc1+ Kh7 29. Be3 Bg7 30. Bd4 Rf8 31. Ne2 Qd8 32. Nf4 Re8 33. d7 Re7 34. Rxe7
Qxe7 35. Ne6 h4 36. Bc5 Qf7 37. Ng5+ fxg5 38. Qxf7 1-0

[Event "Sparkassen-Open A"]
[Site "Heusenstamm, Martinsee"]
[Date "2019.11.24"]
[Round "6.52"]
[White "Papadopoulos, Ioannis"]
[Black "Weise, Martin"]
[Result "0-1"]
[WhiteElo "1944"]
[BlackElo "2118"]
[PlyCount "40"]
[EventDate "2019.??.??"]
[WhiteTeam "SV Oberursel"]
[BlackTeam "SC Fulda"]

1. e4 e6 2. d4 d5 3. Nd2 Be7 4. c3 c5 5. dxc5 Nf6 6. exd5 Qxd5 7. Ngf3 Qxc5 8.
Nb3 Qc7 9. Be3 Nbd7 10. Bd3 b6 11. Qc2 Bb7 12. Nbd4 a6 13. Be2 Rd8 14. O-O-O
O-O 15. Bg5 Nc5 16. Nd2 b5 17. f3 Nd5 18. Bxe7 Qxe7 19. Nf1 Qg5+ 20. Qd2 Nf4
0-1

[Event "Sparkassen-Open A"]
[Site "Heusenstamm, Martinsee"]
[Date "2019.11.24"]
[Round "6.53"]
[White "Englert, Jon"]
[Black "Voss, Georg"]
[Result "1-0"]
[WhiteElo "2117"]
[BlackElo "1950"]
[PlyCount "87"]
[EventDate "2019.??.??"]
[WhiteTeam "TV-Großostheim"]
[BlackTeam "SV Schmallenberg"]

1. d4 d5 2. c4 c6 3. Nf3 Nf6 4. g3 dxc4 5. Bg2 Bf5 6. Nc3 e6 7. Ne5 Bb4 8. O-O
O-O 9. Nxc4 Nd5 10. Qb3 Bxc3 11. bxc3 b5 12. Nd2 Nb6 13. Ba3 Re8 14. e4 Bg6 15.
f4 f6 16. Rae1 a5 17. e5 b4 18. Bb2 bxc3 19. Qxc3 Nd5 20. Qc4 f5 21. Ba3 a4 22.
Bd6 Qa5 23. Nf3 Qc3 24. Qxc3 Nxc3 25. Re3 Ne4 26. Ba3 Rd8 27. Rc1 Be8 28. Rd3
h6 29. Nd2 c5 30. Nxe4 fxe4 31. Bxe4 Ra5 32. dxc5 Rxd3 33. Bxd3 Bc6 34. Kf2 Kf7
35. Ke3 Nd7 36. Be4 Ra6 37. Bxc6 Rxc6 38. Kd4 g5 39. Kc4 gxf4 40. gxf4 Kg6 41.
Kb5 Nb8 42. Rg1+ Kf7 43. Rd1 Kg6 44. Rd8 1-0

[Event "Sparkassen-Open A"]
[Site "Heusenstamm, Martinsee"]
[Date "2019.11.24"]
[Round "6.54"]
[White "Schultze, Jörg-Martin"]
[Black "Neurohr, Jürgen"]
[Result "1/2-1/2"]
[WhiteElo "1950"]
[BlackElo "2111"]
[PlyCount "61"]
[EventDate "2019.??.??"]
[WhiteTeam "SF Anderssen Wetzlar"]
[BlackTeam "SF Mainz"]

1. d4 Nf6 2. c4 e6 3. Nc3 Bb4 4. Qc2 d5 5. cxd5 exd5 6. Bg5 O-O 7. e3 h6 8. Bh4
Re8 9. Bd3 c5 10. Nge2 c4 11. Bf5 Bxf5 12. Qxf5 Qd7 13. Qxd7 Nbxd7 14. Bxf6
Nxf6 15. O-O a6 16. a4 b6 17. Rab1 Rab8 18. Nf4 Red8 19. f3 b5 20. axb5 axb5
21. Rfd1 Ba5 22. b4 cxb3 23. Rxb3 g5 24. Nfe2 b4 25. Na4 Nd7 26. Nc1 Rdc8 27.
Nd3 Rc2 28. Rc1 Rxc1+ 29. Nxc1 Rc8 30. Nd3 Rc4 31. Kf2 1/2-1/2

[Event "Sparkassen-Open A"]
[Site "Heusenstamm, Martinsee"]
[Date "2019.11.24"]
[Round "6.55"]
[White "Rondonuwu, Grover"]
[Black "Berberich, Christoph"]
[Result "1/2-1/2"]
[WhiteElo "2106"]
[BlackElo "1958"]
[PlyCount "223"]
[EventDate "2019.??.??"]
[WhiteTeam "Frankfurter TV"]
[BlackTeam "SGEM Dreisamtal"]

1. d4 Nf6 2. Bg5 c6 3. Bxf6 exf6 4. c4 Bb4+ 5. Nc3 d5 6. e3 Bxc3+ 7. bxc3 dxc4
8. Bxc4 Be6 9. Bd3 Qa5 10. Ne2 Nd7 11. O-O Nb6 12. Qc2 f5 13. Rfb1 Rb8 14. c4
Qa4 15. Qxa4 Nxa4 16. Rb4 Nb6 17. Rab1 Bc8 18. a4 Kd8 19. Nc3 Re8 20. a5 Na8
21. Na4 Kc7 22. g3 g6 23. c5 Be6 24. Bf1 Bd5 25. Bg2 Bxg2 26. Kxg2 h5 27. h4 f6
28. Kf3 Rg8 29. Kf4 Rge8 30. R1b3 Re4+ 31. Kf3 Ree8 32. Nb2 b6 33. axb6+ axb6
34. cxb6+ Rxb6 35. Nd3 Rxb4 36. Rxb4 Nb6 37. Nc5 Rh8 38. Ne6+ Kb7 39. Nc5+ Kc7
40. Ne6+ Kb7 41. Nf4 Rg8 42. Rb1 Kc7 43. Ne6+ Kb7 44. Ra1 Nd7 45. Rb1+ Nb6 46.
Nc5+ Kc7 47. Ra1 Nc8 48. Kf4 Re8 49. Rb1 Nb6 50. Rb2 Nd5+ 51. Kf3 Nb6 52. Ra2
Nc8 53. Kf4 Re7 54. Ra8 Re8 55. Ra6 Ne7 56. Ra7+ Kb8 57. Rd7 Kc8 58. Kf3 g5 59.
Rd6 g4+ 60. Kg2 Rf8 61. Ne6 Rf7 62. Nf4 Kc7 63. Re6 Kd7 64. e4 fxe4 65. Rxe4 f5
66. Re5 Rh7 67. Ra5 Kd6 68. Ra7 Rh6 69. Ra5 Kd7 70. Nd3 Rd6 71. Nf4 Rh6 72. Kf1
Rh8 73. Ke2 Kd6 74. Ke3 Rb8 75. Ra3 Rh8 76. Ra7 Re8 77. Kd3 Rb8 78. Ra3 Rh8 79.
Ra7 Rb8 80. Ra3 Rh8 81. Ra4 Rb8 82. Nxh5 Rb3+ 83. Ke2 Rb2+ 84. Kf1 Nd5 85. Ng7
Rb1+ 86. Kg2 Rb2 87. Ra3 f4 88. gxf4 Nxf4+ 89. Kg3 Ne2+ 90. Kxg4 Nxd4 91. Rd3
Ke5 92. Re3+ Kf6 93. Nh5+ Kf7 94. f4 c5 95. Ng3 c4 96. Rc3 Rb4 97. Ne4 Nb5 98.
Rc2 c3 99. Ng3 Rb2 100. Rc1 c2 101. Ne2 Na3 102. h5 Kg7 103. Re1 Rb1 104. Nc1
Nb5 105. Kg5 Nd4 106. h6+ Kh7 107. Re7+ Kh8 108. Kg6 Rb6+ 109. Kh5 Rxh6+ 110.
Kxh6 Nf5+ 111. Kg6 Nxe7+ 112. Kf7 1/2-1/2

[Event "Sparkassen-Open A"]
[Site "Heusenstamm, Martinsee"]
[Date "2019.11.24"]
[Round "6.56"]
[White "Mohr, Thomas"]
[Black "Köllner, Christof"]
[Result "1-0"]
[WhiteElo "1904"]
[BlackElo "2088"]
[PlyCount "65"]
[EventDate "2019.??.??"]
[WhiteTeam "SC FK Babenhausen"]
[BlackTeam "SV Bergneustadt/Derschlag"]

1. f4 d5 2. Nf3 Bg4 3. e3 Nd7 4. h3 Bxf3 5. Qxf3 Ngf6 6. Nc3 c6 7. d4 e6 8. a3
Qb6 9. Bd3 c5 10. Qf2 c4 11. Be2 Qc6 12. O-O b5 13. Bf3 Nb6 14. Bd2 Be7 15. g4
Rd8 16. Qg2 h6 17. e4 dxe4 18. Nxe4 Nxe4 19. Bxe4 Nd5 20. c3 O-O 21. Rae1 Qb6
22. Kh1 Rd7 23. f5 Qd8 24. Bb1 Bh4 25. Re2 exf5 26. gxf5 Qf6 27. Be4 Ne7 28.
Rg1 Kh8 29. Bf4 Rg8 30. Be5 Qb6 31. Bxg7+ Kh7 32. f6+ Ng6 33. Bxg6+ 1-0

[Event "Sparkassen-Open A"]
[Site "Heusenstamm, Martinsee"]
[Date "2019.11.24"]
[Round "6.57"]
[White "Schlößner, Henrik"]
[Black "Stork, Christopher"]
[Result "1-0"]
[WhiteElo "2076"]
[BlackElo "1912"]
[PlyCount "59"]
[EventDate "2019.??.??"]
[WhiteTeam "SK Gründau"]
[BlackTeam "SV Oberursel"]

1. e4 c5 2. Nf3 e6 3. d4 cxd4 4. Nxd4 Nf6 5. Nc3 Nc6 6. Be3 Bb4 7. f3 O-O 8.
Be2 d5 9. Nxc6 bxc6 10. e5 Nd7 11. f4 c5 12. Bd2 f6 13. Nxd5 fxe5 14. Nxb4 cxb4
15. O-O Qb6+ 16. Kh1 a5 17. Qe1 Bb7 18. Rd1 Rad8 19. Qg3 Rf6 20. fxe5 Rxf1+ 21.
Rxf1 Nxe5 22. Bf4 Ng6 23. Bc7 Qd4 24. Bxd8 Qxd8 25. Bc4 Nf8 26. Qf4 Qe7 27. Qe5
Qd7 28. Qb8 Qc8 29. Qd6 Qe8 30. Rxf8+ 1-0

[Event "Sparkassen-Open A"]
[Site "Heusenstamm, Martinsee"]
[Date "2019.11.24"]
[Round "6.59"]
[White "Gebhardt, Ulrich"]
[Black "Michels, Fabio"]
[Result "1-0"]
[WhiteElo "2072"]
[BlackElo "1800"]
[PlyCount "73"]
[EventDate "2019.??.??"]
[WhiteTeam "SK Ettlingen"]
[BlackTeam "SC ML Kastellaun"]

1. d4 Nf6 2. c4 c5 3. d5 b5 4. cxb5 a6 5. b6 g6 6. Nc3 Qxb6 7. e4 d6 8. Nf3 Bg7
9. Be2 O-O 10. O-O a5 11. Nd2 Ba6 12. a4 Nbd7 13. Bb5 Ne5 14. Qe2 Bxb5 15. Nxb5
Rfc8 16. b3 Ne8 17. Rb1 Nc7 18. Nc4 Qb7 19. Nbxd6 exd6 20. Nxd6 Qa6 21. Qxa6
Nxa6 22. Nxc8 Rxc8 23. Bd2 Nb4 24. Bxb4 cxb4 25. f4 Nd3 26. e5 f6 27. Rbd1 Rc3
28. Rf3 Nb2 29. Rxc3 bxc3 30. Rc1 fxe5 31. Rxc3 exf4 32. Rc8+ Kf7 33. Rc7+ Kf8
34. d6 Be5 35. Rc8+ Kf7 36. d7 Bd4+ 37. Kf1 1-0

[Event "Sparkassen-Open A"]
[Site "Heusenstamm, Martinsee"]
[Date "2019.11.24"]
[Round "6.60"]
[White "Heß, Steffen"]
[Black "Thomas, Tobias"]
[Result "1/2-1/2"]
[WhiteElo "2028"]
[BlackElo "1907"]
[PlyCount "41"]
[EventDate "2019.??.??"]
[WhiteTeam "SC Groß-Zimmern"]
[BlackTeam "SK Langen"]

1. d4 Nf6 2. Nf3 d5 3. e3 g6 4. c4 Bg7 5. Nc3 O-O 6. b3 c5 7. Bb2 Nc6 8. Be2
cxd4 9. exd4 dxc4 10. bxc4 Qb6 11. Qd2 Rd8 12. Rd1 Bg4 13. d5 e6 14. O-O exd5
15. Nxd5 Nxd5 16. Bxg7 Kxg7 17. cxd5 Ne7 18. Qf4 Bxf3 19. Bxf3 Qd6 20. Qd4+ Kg8
21. Rd2 1/2-1/2

[Event "Sparkassen-Open A"]
[Site "Heusenstamm, Martinsee"]
[Date "2019.11.24"]
[Round "6.61"]
[White "Eichner, Christian"]
[Black "Reitz, Theresa"]
[Result "1/2-1/2"]
[WhiteElo "2061"]
[BlackElo "1901"]
[PlyCount "153"]
[EventDate "2019.??.??"]
[WhiteTeam "SV TuR Dresden"]
[BlackTeam "VfR-SC Koblenz"]

1. e4 d5 2. exd5 Qxd5 3. Nc3 Qd6 4. d4 Nf6 5. Nf3 a6 6. Bd3 g6 7. Ne4 Nxe4 8.
Bxe4 Bg7 9. c3 O-O 10. Qb3 Nd7 11. Bg5 Nf6 12. Bxf6 Bxf6 13. h4 h5 14. Rd1 Be6
15. Qc2 Bg7 16. Ng5 Bd5 17. O-O Rfd8 18. Rfe1 Bxe4 19. Qxe4 e6 20. Rd3 Qd5 21.
Rf3 Qxe4 22. Rxe4 Rd7 23. b4 a5 24. b5 a4 25. Ref4 Rf8 26. Ne4 e5 27. Nc5 Rd5
28. Re4 exd4 29. cxd4 Bxd4 30. Nxb7 Bb6 31. Rxa4 Rb8 32. Na5 Ra8 33. Rfa3 Rxb5
34. Nc6 Rxa4 35. Rxa4 Rb1+ 36. Kh2 Bxf2 37. Ne7+ Kg7 38. Nd5 c6 39. Nb4 c5 40.
Nd3 Bg1+ 41. Kg3 Rd1 42. Ne5 Bd4 43. Nf3 Bc3 44. Kf4 Rd6 45. Ra7 Rd1 46. Ke4
Bf6 47. Rc7 Ra1 48. Rxc5 Rxa2 49. g3 Ra4+ 50. Ke3 Bd8 51. Rd5 Bb6+ 52. Ke2 Ra3
53. Re5 Ra2+ 54. Kd3 Bc7 55. Rg5 f6 56. Rc5 Bxg3 57. Rc4 Kf7 58. Rb4 Ra3+ 59.
Ke2 Ra6 60. Ke3 Ke6 61. Re4+ Kd6 62. Rd4+ Kc5 63. Rd8 Ra3+ 64. Ke2 Ra4 65. Rg8
Rg4 66. Ke3 g5 67. hxg5 Bf4+ 68. Kf2 fxg5 69. Rh8 Bg3+ 70. Ke3 h4 71. Rh5 Bf4+
72. Ke4 Rg3 73. Rxh4 gxh4 74. Kxf4 Rh3 75. Kg4 Rg3+ 76. Kf4 Rg8 77. Nxh4
1/2-1/2

[Event "Sparkassen-Open A"]
[Site "Heusenstamm, Martinsee"]
[Date "2019.11.24"]
[Round "6.62"]
[White "Harringer, Manfred"]
[Black "Cors, Heinz-Friedrich"]
[Result "1-0"]
[WhiteElo "2043"]
[BlackElo "1893"]
[PlyCount "35"]
[EventDate "2019.??.??"]
[WhiteTeam "Bergische SF"]
[BlackTeam "Schachforum Darmstadt"]

1. e4 c6 2. d4 d5 3. Nc3 dxe4 4. Nxe4 Nd7 5. Nf3 Ngf6 6. Ng3 e6 7. Bd3 Qc7 8.
Qe2 c5 9. O-O Be7 10. c3 O-O 11. Bd2 Bd6 12. Rad1 Nd5 13. Bb1 cxd4 14. Nxd4 Bf4
15. Nxe6 fxe6 16. Qxe6+ Kh8 17. Qxd5 Bxd2 18. Rxd2 1-0

[Event "Sparkassen-Open A"]
[Site "Heusenstamm, Martinsee"]
[Date "2019.11.24"]
[Round "6.63"]
[White "Schmitt, Carsten"]
[Black "Mährlein, Christoph"]
[Result "0-1"]
[WhiteElo "1901"]
[BlackElo "2053"]
[PlyCount "70"]
[EventDate "2019.??.??"]
[WhiteTeam "SV Bergwinkel"]
[BlackTeam "SC Pforzheim"]

1. c4 e6 2. g3 d5 3. Bg2 c6 4. Nf3 dxc4 5. O-O b5 6. Qc2 Bb7 7. b3 cxb3 8. axb3
Nf6 9. Bb2 c5 10. d4 Nbd7 11. Qd3 Qb6 12. Nc3 a6 13. e4 cxd4 14. Nxd4 Bc5 15.
Rad1 O-O 16. Nc2 Be7 17. Qe2 Rfd8 18. e5 Bxg2 19. Kxg2 Qc6+ 20. Kg1 Ne8 21.
Rfe1 Rac8 22. Qg4 Qc7 23. Nd5 exd5 24. e6 f5 25. Qxf5 Ndf6 26. Nd4 Nd6 27. Qf3
Rf8 28. Rc1 Qb6 29. Rxc8 Rxc8 30. g4 Rf8 31. g5 Nfe4 32. Qh5 Nf5 33. g6 hxg6
34. Qxg6 Nxd4 35. Re3 Qxe6 0-1

[Event "Sparkassen-Open A"]
[Site "Heusenstamm, Martinsee"]
[Date "2019.11.24"]
[Round "6.64"]
[White "Halabi, Ibrahim"]
[Black "Stümer, Paul"]
[Result "0-1"]
[WhiteElo "1869"]
[BlackElo "2050"]
[PlyCount "86"]
[EventDate "2019.??.??"]
[WhiteTeam "SK Frankenthal"]
[BlackTeam "SV Bergneustadt/Derschlag"]

1. e4 c5 2. Nf3 Nc6 3. d4 cxd4 4. Nxd4 g6 5. Nc3 Bg7 6. Be3 Nf6 7. Bc4 O-O 8.
Bb3 e6 9. f3 d5 10. Nxc6 bxc6 11. exd5 exd5 12. Qd2 Re8 13. O-O-O a5 14. Bd4
Qd6 15. g4 Ba6 16. g5 Nh5 17. Bxg7 Kxg7 18. Kb1 Qf4 19. Ba4 Bb7 20. Kc1 Re3 21.
Rhf1 Rae8 22. Qd4+ R8e5 23. Qxf4 Nxf4 24. Kd2 c5 25. Bb5 d4 26. Ne4 Bxe4 27.
fxe4 R3xe4 28. Rf3 Rxg5 29. Rdf1 Rg2+ 30. Kd1 g5 31. h4 h6 32. hxg5 hxg5 33.
Ra3 Nd5 34. Bc6 Ne3+ 35. Rxe3 dxe3 36. Ke1 Reg4 37. Bf3 R4g3 38. Bxg2 Rxg2 39.
Rf5 Kg6 40. Rxc5 f5 41. c4 f4 42. Rxa5 f3 43. Re5 Rg1# 0-1

[Event "Sparkassen-Open A"]
[Site "Heusenstamm, Martinsee"]
[Date "2019.11.24"]
[Round "6.65"]
[White "Agnello, Francesco Claudio"]
[Black "Bäumer, Frank"]
[Result "1-0"]
[WhiteElo "2040"]
[BlackElo "1865"]
[PlyCount "75"]
[EventDate "2019.??.??"]
[WhiteTeam "vereinslos/Leipzig"]
[BlackTeam "Gambit Gusenburg"]

1. b3 e6 2. Bb2 f5 3. e4 Qh4 4. exf5 Qe4+ 5. Be2 Qxf5 6. Bh5+ Kd8 7. Be2 Nf6 8.
Nf3 Nc6 9. O-O Bd6 10. d4 b6 11. Bd3 Qh5 12. Nbd2 Bb7 13. Ne5 Qxd1 14. Raxd1
Rf8 15. Nxc6+ Bxc6 16. Nc4 Be7 17. Ne5 Bb7 18. Rfe1 Kc8 19. a3 a5 20. Bb5 c6
21. Bd3 Kc7 22. Bc1 Rad8 23. Nc4 Bc8 24. Bf4+ d6 25. Bc1 g6 26. Ne3 Nh5 27. c4
Bf6 28. Bf1 Rde8 29. b4 axb4 30. axb4 Bd7 31. c5 bxc5 32. bxc5 dxc5 33. dxc5
Bc3 34. Re2 e5 35. Nc4 Nf4 36. Ra2 Nd5 37. Ra7+ Kc8 38. Nd6+ 1-0

[Event "Sparkassen-Open A"]
[Site "Heusenstamm, Martinsee"]
[Date "2019.11.24"]
[Round "6.66"]
[White "Welsch, Roland"]
[Black "Weiss, Matthias"]
[Result "1/2-1/2"]
[WhiteElo "1802"]
[BlackElo "2036"]
[PlyCount "50"]
[EventDate "2019.??.??"]
[WhiteTeam "SV Multatuli Ingelheim e.V."]
[BlackTeam "SF Schöneck"]

1. d4 Nf6 2. Nf3 g6 3. Nc3 d5 4. Bf4 Bg7 5. Qd2 c6 6. Bh6 O-O 7. Bxg7 Kxg7 8.
e3 Nbd7 9. Be2 Re8 10. O-O e5 11. dxe5 Nxe5 12. Nxe5 Rxe5 13. Qd4 Qe7 14. Bf3
Bd7 15. Rad1 c5 16. Qd2 Bc6 17. Ne2 Re8 18. c3 Ne4 19. Bxe4 dxe4 20. c4 Qh4 21.
Qc3 Qf6 22. Nf4 R5e7 23. Qxf6+ Kxf6 24. Nd5+ Bxd5 25. Rxd5 Rc7 1/2-1/2

[Event "Sparkassen-Open A"]
[Site "Heusenstamm, Martinsee"]
[Date "2019.11.24"]
[Round "6.67"]
[White "Von Auer, Ulrich"]
[Black "Lutterbach, Jakob"]
[Result "1-0"]
[WhiteElo "2033"]
[BlackElo "1707"]
[PlyCount "43"]
[EventDate "2019.??.??"]
[WhiteTeam "SF Frankfurt"]
[BlackTeam "SK Bingen"]

1. d4 d5 2. c4 e6 3. Nf3 Nf6 4. g3 dxc4 5. Bg2 c5 6. O-O Nc6 7. Ne5 Bd7 8. Na3
cxd4 9. Naxc4 Be7 10. b3 Rc8 11. Bb2 b5 12. Nxc6 Bxc6 13. Bxc6+ Rxc6 14. Ne5
Rc5 15. Qxd4 O-O 16. Rac1 Qb6 17. Nd7 e5 18. Qxc5 Bxc5 19. Nxb6 axb6 20. Bxe5
Ng4 21. Bb2 Ra8 22. h3 1-0

[Event "Sparkassen-Open A"]
[Site "Heusenstamm, Martinsee"]
[Date "2019.11.24"]
[Round "6.68"]
[White "Pfeffer, Marko"]
[Black "Westendorp, Christian"]
[Result "1-0"]
[WhiteElo "2027"]
[BlackElo "1821"]
[PlyCount "43"]
[EventDate "2019.??.??"]
[WhiteTeam "SC Bergen-Enkheim"]
[BlackTeam "SK Holsterhausen"]

1. c4 Nf6 2. g3 g6 3. Bg2 Bg7 4. Nc3 O-O 5. e4 d6 6. Nge2 c6 7. O-O e5 8. d3
Be6 9. h3 d5 10. b3 Na6 11. Ba3 Re8 12. Qc1 d4 13. Na4 Qc8 14. Kh2 Nd7 15. Qd2
Bf8 16. Bxf8 Rxf8 17. f4 f5 18. fxe5 c5 19. exf5 gxf5 20. Nf4 Nxe5 21. Nxe6
Qxe6 22. Bd5 1-0

[Event "Sparkassen-Open A"]
[Site "Heusenstamm, Martinsee"]
[Date "2019.11.24"]
[Round "6.69"]
[White "Björknes, Uwe"]
[Black "Syed, Tareq"]
[Result "1/2-1/2"]
[WhiteElo "1825"]
[BlackElo "2027"]
[PlyCount "55"]
[EventDate "2019.??.??"]
[WhiteTeam "SK Bad Homburg"]
[BlackTeam "SC Brett vorm Kopp"]

1. e4 d6 2. c4 Nf6 3. Nc3 e5 4. g3 c6 5. Bg2 Be7 6. Nge2 O-O 7. O-O Be6 8. d3
Qd7 9. f4 Bh3 10. f5 Bxg2 11. Kxg2 Na6 12. h3 d5 13. g4 h6 14. g5 hxg5 15. Bxg5
dxc4 16. dxc4 Rfd8 17. Qe1 Nh7 18. Bc1 Nb4 19. Qg3 Bf6 20. Bh6 Kh8 21. Rad1 Qe7
22. Bc1 Rxd1 23. Rxd1 Rd8 24. a3 Rxd1 25. Nxd1 Qd8 26. Nf2 Nc2 27. Qb3 Nd4 28.
Nxd4 1/2-1/2

[Event "Sparkassen-Open A"]
[Site "Heusenstamm, Martinsee"]
[Date "2019.11.24"]
[Round "6.70"]
[White "Kleibel, Uwe"]
[Black "Riemann, Jonas"]
[Result "0-1"]
[WhiteElo "2193"]
[BlackElo "1882"]
[PlyCount "44"]
[EventDate "2019.??.??"]
[WhiteTeam "SF Sailauf"]
[BlackTeam "SK Bickenbach"]

1. d4 g6 2. e4 Bg7 3. Nc3 d6 4. Be3 Nf6 5. h3 c6 6. f4 O-O 7. Qf3 Qa5 8. O-O-O
d5 9. e5 Ne4 10. Nge2 b5 11. Kb1 Be6 12. Rc1 b4 13. Nd1 Na6 14. g4 Rab8 15. f5
Bd7 16. h4 c5 17. Qf4 c4 18. c3 Ba4 19. Bg2 Bb3 20. a3 bxa3 21. Qxe4 axb2 22.
Nxb2 Qa2# 0-1

[Event "Sparkassen-Open A"]
[Site "Heusenstamm, Martinsee"]
[Date "2019.11.24"]
[Round "6.71"]
[White "Burkhardt, Holger"]
[Black "Tietzen, Stefan"]
[Result "1/2-1/2"]
[WhiteElo "2036"]
[BlackElo "1875"]
[PlyCount "87"]
[EventDate "2019.??.??"]
[WhiteTeam "SK Gießen"]
[BlackTeam "SK Gernsheim"]

1. e4 c5 2. d3 g6 3. Be2 Bg7 4. f4 d6 5. Nf3 Nc6 6. O-O e6 7. c3 Nge7 8. Be3
O-O 9. Nbd2 f5 10. Qc2 b6 11. Rad1 Qc7 12. Bf2 Kh8 13. Rfe1 Bb7 14. Ng5 Nd8 15.
Bf3 h6 16. Nh3 Nf7 17. Qb3 d5 18. exf5 exf5 19. Bh4 Rfe8 20. Bxe7 Rxe7 21. Bxd5
Bxd5 22. Qxd5 Rd8 23. Rxe7 Qxe7 24. Qf3 b5 25. Nf2 b4 26. cxb4 cxb4 27. Nc4 Nd6
28. Ne5 Bxe5 29. fxe5 Qxe5 30. d4 Qf6 31. Ng4 Qe6 32. Ne5 Ne4 33. h4 h5 34. Qe3
Kg7 35. Rc1 Rc8 36. Kh2 Rxc1 37. Qxc1 Qd6 38. Qc4 Qe7 39. g3 f4 40. Qc2 fxg3+
41. Kg1 Qxh4 42. Qc7+ Kh6 43. Nf7+ Kg7 44. Ne5+ 1/2-1/2